LEADER 01100cam0-2200397---450- 001 990008373310403321 005 20120525092205.0 010 $a88-243-1611-5 010 $a88-243-1703-0 035 $a000837331 035 $aFED01000837331 035 $a(Aleph)000837331FED01 035 $a000837331 100 $a20060907d2006----km-y0itay50------ba 101 0 $aita 102 $aIT 105 $ay-------001yy 200 1 $aForme di Stato e forme di governo$ecorso di diritto costituzionale comparato$fCesare Pinelli 210 $aNapoli$cJovene$d2006 215 $a333 p.$d24 cm 610 0 $aStato$aDiritto costituzionale comparato 676 $a342.04$v21$zita 700 1$aPinelli,$bCesare$0148488 801 0$aIT$bUNINA$gREICAT$2UNIMARC 901 $aBK 912 $a990008373310403321 952 $aI 493$b6637$fDDCIC 952 $aM 310$bs.i.$fDSS 952 $aVI L 1203$b7238$fDDA 952 $aVIII O 157$b52840*$fFGBC 959 $aDDCIC 959 $aDDA 959 $aDSS 959 $aFGBC 996 $aForme di Stato e forme di governo$9243725 997 $aUNINA LEADER 01771nam 2200481 450 001 9910480107103321 005 20210209193348.0 010 $a1-942496-12-5 035 $a(CKB)4340000000226046 035 $a(MiAaPQ)EBC5785366 035 $a(MiAaPQ)EBC4410884 035 $a(Au-PeEL)EBL4410884 035 $a(CaONFJC)MIL932294 035 $a(OCoLC)1024268667 035 $a(EXLCZ)994340000000226046 100 $a20190628d2015 uy 0 101 0 $aeng 135 $aurcnu|||||||| 181 $ctxt$2rdacontent 182 $cc$2rdamedia 183 $acr$2rdacarrier 200 10$aImplementing project-based learning /$fby Suzie Boss 205 $a1st ed. 210 1$aBloomington, Indiana :$cSolution Tree Press,$d[2015] 210 4$dİ2015 215 $a1 online resource (viii, 67 pages) 225 1 $aSolutions for digital learner-centered classrooms 311 $a1-942496-11-7 320 $aIncludes bibliographical references (pages 63-67). 327 $aIntro -- Acknowledgments -- Table of Contents -- About the Authors -- Introduction -- Chapter 1: The Shift to the Common Core -- Chapter 2: The Shift in Implementation -- Chapter 3: The Shift in Instruction -- Chapter 4: The Shift in Coaching and Feedback -- Chapter 5: The Shift in Assessing Results -- References and Resources -- Index. 410 0$aSolutions for digital learner-centered classrooms. 606 $aProject method in teaching 608 $aElectronic books. 615 0$aProject method in teaching. 676 $a371.36 700 $aBoss$b Suzie$0930169 801 0$bMiAaPQ 801 1$bMiAaPQ 801 2$bMiAaPQ 906 $aBOOK 912 $a9910480107103321 996 $aImplementing project-based learning$92453267 997 $aUNINA